Lwów: prawdy i legendy
| Titel: | Lwów: prawdy i legendy / Ryszard Jan Czarnowski |
|---|---|
| Verfasser: | |
| Ausgabe: | Wydanie I |
| Veröffentlicht: | Warszawa : Oficyna Wydawnicza Rytm, 2023 |
| Umfang: | 221 Seiten, 1 ungezählte Seite : Illustrationen ; 24 cm |
| Format: | Buch |
| Sprache: | Polnisch |
| ISBN: | 9788373999787 |
| Hinweise zum Inhalt: |
Inhaltsverzeichnis
Cover Abstract |
alg: 51548978 001A $03004:09-02-24 001B $01999:16-11-25 $t17:04:23.000 001D $03004:09-02-24 001U $0utf8 001X $00 002@ $0Aau 002C $aText $btxt $2rdacontent 002D $aohne Hilfsmittel zu benutzen $bn $2rdamedia 002E $aBand $bnc $2rdacarrier 003@ $0515489786 003O $01388397695 $aOCoLC 004A $A978-83-7399-978-7 006C $01392144280 $aOCoLC 007A $01850809429 $aKXP 007G $0 009P $qapplication/pdf $3Inhaltsverzeichnis $uhttp://bvbr.bib-bvb.de:8991/F?func=service&doc_library=BVB01&local_base=BVB01&doc_number=034322892&sequence=000001&line_number=0001&func_code=DB_RECORDS&service_type=MEDIA $mDigitalisierung BSB München 19 - ADAM Catalogue Enrichment 009P $qapplication/pdf $A2 $3Cover $uhttp://scans.hebis.de/HEBCGI/show.pl?51548978_cov.pdf $mV:DE-603;B:DE-Mb50 009P $qapplication/pdf $A2 $3Abstract $uhttp://scans.hebis.de/HEBCGI/show.pl?51548978_sum.pdf $mV:DE-603;B:DE-Mb50 010@ $apol 010E $erda 011@ $a2023 $n2023 021A $aLwów: prawdy i legendy $hRyszard Jan Czarnowski 028A $BVerfasser $4aut $71140610686 $8Czarnowski, Ryszard Jan$Z20./21. Jh. [Tp3] $9417316380 032@ $aWydanie I 033A $pWarszawa $nOficyna Wydawnicza Rytm 034D $a221 Seiten, 1 ungezählte Seite 034I $a24 cm 034M $aIllustrationen 044K $qBVB $#Lemberg $#Львів $#Leontopolis $#Leopolis $#Leopoli $#Léopol $#Lwów $#Lwow $#L'vov $#Lwiw $#L'viv $#Lʹviv vor 1919 $#Lviv $#Lvovas $74035304-7 $8Lemberg [Tg1] $9085095230 045F $a307.09477 $eDDC22BSB 045F/01 $a307.09 045F/03 $g477 045R $aGeschichte 045T $aOST $qDE-12 $2FID lok: 51548978 24 exp: 51548978 24 1 #EPN 201B/01 $020-02-24 $t16:57:23.000 201C/01 $009-02-24 201U/01 $0utf8 203@/01 $01256026441 208@/01 $a20-02-24 $bz 209A/01 $a24.00715 $du $f050 $h24 00715 $x00 209C/01 $a24.00715 K $h24 00715 K 209G/01 $a74813852 $x00 220C/01 $ahae 247C/01 $8358050-7Marburg, Bibliothek des Herder-Instituts Marburg $9102600961 lok: 51548978 78 exp: 51548978 78 1 #EPN 201B/01 $001-07-24 $t13:34:58.000 201C/01 $001-07-24 201U/01 $0utf8 203@/01 $01266147438 208@/01 $a01-07-24 $be 209A/01 $a/ $f000 $x00 209A/01 $ab*p $x01 220C/01 $apgar 244Z/01 $#Generalgouvernement Polen $#Polska $#Rzeczpospolita Polska $#Polska Rzeczpospolita Ludowa $#Poland $#Pologne $#République Polonaise $#Generalne Gubernatorstwo w Polsce $#Polish People's Republic $#Polska Rzeczpospolita Polen $#PRL $#RP $#Polen Generalgouvernement $#Polska Generalgouvernement $#Besetzte Polnische Gebiete $#Besetztes Gebiet in Polen $#Okupowane Polskie Obszary $#Obszary Okupowane w Polsce $#Volksrepublik Polen $#Polska Rosyjska $#Republic Polen $#Respublika Pol'ša $#Pol'skaja Narodnaja Respublika $#République de Pologne $#Polen Links der Weichsel $#Polska po Lewej Stronie Wisły $#Lenkija $#Polija $#Gubernija Carstva Pol'skago $#Republik Polen $74046496-9 $8--Tg1--Polen $x01 $9085129801 247C/01 $82080>Marburg/Lahn, Herder-Institut, Forschungsbibliothek, Bibliographieportal $9336309341
| LEADER | 00000cam a2200000 c 4500 | ||
|---|---|---|---|
| 001 | 515489786 | ||
| 003 | DE-603 | ||
| 005 | 20251116170423.0 | ||
| 007 | tu | ||
| 008 | 240209s2023 xx |||| | u00||u|pol c | ||
| 020 | |a 9788373999787 | ||
| 035 | |a (DE-599)KXP1850809429 | ||
| 035 | |a (OCoLC)1388397695 | ||
| 040 | |a DE-603 |b ger |c DE-603 |d DE-603 |e rda | ||
| 041 | |a pol | ||
| 082 | 0 | 4 | |8 1\u |a 307.09477 |q DE-101 |2 22/BSB |
| 084 | |a OST |q DE-12 |2 fid | ||
| 085 | |8 1\u |b 307.09 | ||
| 085 | |8 1\u |z 2 |s 477 | ||
| 100 | 1 | |a Czarnowski, Ryszard Jan |d 20./21. Jh. |e Verfasser |4 aut |0 (DE-603)417316380 |0 (DE-588)1140610686 |2 gnd | |
| 245 | 0 | 0 | |a Lwów: prawdy i legendy |c Ryszard Jan Czarnowski |
| 250 | |a Wydanie I | ||
| 264 | 1 | |a Warszawa |b Oficyna Wydawnicza Rytm |c 2023 | |
| 300 | |a 221 Seiten, 1 ungezählte Seite |b Illustrationen |c 24 cm | ||
| 336 | |a Text |b txt |2 rdacontent | ||
| 337 | |a ohne Hilfsmittel zu benutzen |b n |2 rdamedia | ||
| 338 | |a Band |b nc |2 rdacarrier | ||
| 648 | 7 | |a Geschichte |2 gnd | |
| 651 | 7 | |a Lemberg |0 (DE-588)4035304-7 |0 (DE-603)085095230 |2 gnd | |
| 856 | 4 | 2 | |m Digitalisierung BSB München 19 - ADAM Catalogue Enrichment |q application/pdf |u http://bvbr.bib-bvb.de:8991/F?func=service&doc_library=BVB01&local_base=BVB01&doc_number=034322892&sequence=000001&line_number=0001&func_code=DB_RECORDS&service_type=MEDIA |3 Inhaltsverzeichnis |
| 856 | 4 | 2 | |m V:DE-603;B:DE-Mb50 |q application/pdf |u http://scans.hebis.de/HEBCGI/show.pl?51548978_cov.pdf |3 Cover |
| 856 | 4 | 2 | |m V:DE-603;B:DE-Mb50 |q application/pdf |u http://scans.hebis.de/HEBCGI/show.pl?51548978_sum.pdf |3 Abstract |
| 924 | 0 | |9 Mb 50 |a (DE-603)1256026441 |b DE-Mb50 |c HES |d c |g 24.00715 | |
| 924 | 0 | |9 2080 |a (DE-603)1266147438 |b DE-2080 |c HES |d d |g / | |


